LEADER 01965nam 2200457 450 001 9910647265603321 005 20230405080418.0 035 $a(CKB)5400000000041150 035 $a(NjHacI)995400000000041150 035 $a(EXLCZ)995400000000041150 100 $a20230330d2021 uy 0 101 0 $aeng 135 $aur||||||||||| 181 $ctxt$2rdacontent 182 $cc$2rdamedia 183 $acr$2rdacarrier 200 10$aSmall-scale rearing of Anagasta kuehniella for Trichogramma production /$fJose Roberto Postali Parra 210 1$aWallingford, United Kingdom :$cCABI,$d2021. 215 $a1 online resource (x, 32 pages) $cillustrations 311 $a1-78924-895-7 327 $aIntroduction Pages: 1-3 -- Chapter Taxonomy, biology, and behavior of Trichogramma species. Pages: 4-6 -- Chapter Production sequence of Anagasta kuehniella and Trichogramma species. Pages: 7-22 -- Chapter Concluding remarks. Page: 23. 330 $aThis book contains 4 chapters focusing on techniques for small-scale rearing of the egg parasitoids Trichogramma spp. in the factitious host Anagasta kuehniella [Ephestia kuehniella]. These parasitoids are among the most widely used natural enemies in the world, and in Brazil are used to control lepidopteran pests in a wide variety of crops. 606 $aParasites 606 $aBiological pest control agents 606 $aArthropod pests 606 $aTrichogramma 606 $aMediterranean flour moth 610 0$anatural enemies 615 0$aParasites. 615 0$aBiological pest control agents 615 0$aArthropod pests. 615 0$aTrichogramma. 615 0$aMediterranean flour moth. 676 $a632.65 700 $aPostali Parra$b Jose Roberto$01346230 801 0$bNjHacI 801 1$bNjHacl 906 $aBOOK 912 $a9910647265603321 996 $aSmall-scale rearing of Anagasta kuehniella for Trichogramma production$93073011 997 $aUNINA